Normal view
MARC view
Entry Personal Name
001 - CONTROL NUMBER
- control field: 260108
003 - CONTROL NUMBER IDENTIFIER
- control field: OSt
005 - DATE AND TIME OF LATEST TRANSACTION
- control field: 20260402105732.0
008 - FIXED-LENGTH DATA ELEMENTS
- fixed length control field: 260402|| aca||aabn | a|a d
040 ## - CATALOGING SOURCE
- Original cataloging agency: OSt
- Transcribing agency: OSt
100 ## - HEADING--PERSONAL NAME
- Personal name: ARAVIND.
- Dates associated with a name: अरविंद
670 ## - SOURCE DATA FOUND
- Source citation: Work cat.: (OSt)82883: ARAVIND. अरविंद, Sri Arvind ke patr . P2 and 3., 1973